[Event "MCR druzstev mladsich zaku 2019"]
[Site "Trest"]
[Date "2019.06.14"]
[Round "1.1"]
[White "Finek, Vaclav"]
[Black "Andrle, Filip"]
[Result "1-0"]
[BlackElo "1370"]
[WhiteElo "1833"]
[LiveChessVersion "1.4.8"]

1. d4 {[%clk 0:25:17]} d5 {[%clk 0:25:16]} 2. c4 {[%clk 0:25:26]} c6
{[%clk 0:25:24]} 3. Nf3 {[%clk 0:25:33]} Bf5 {[%clk 0:25:19]} 4. e3
{[%clk 0:25:11]} Nf6 {[%clk 0:25:12]} 5. Bd3 {[%clk 0:24:20]} Bxd3
{[%clk 0:25:07]} 6. Qxd3 {[%clk 0:24:28]} e6 {[%clk 0:25:00]} 7. O-O
{[%clk 0:24:21]} Bd6 {[%clk 0:24:46]} 8. Nbd2 {[%clk 0:23:52]} Nbd7
{[%clk 0:24:32]} 9. e4 {[%clk 0:22:58]} dxe4 {[%clk 0:24:10]} 10. Nxe4
{[%clk 0:23:06]} Nxe4 {[%clk 0:24:16]} 11. Qxe4 {[%clk 0:23:14]} Nf6
{[%clk 0:24:20]} 12. Qe2 {[%clk 0:23:15]} O-O {[%clk 0:24:20]} 13. Bg5
{[%clk 0:22:30]} Be7 {[%clk 0:23:44]} 14. Rfe1 {[%clk 0:21:58]} h6
{[%clk 0:23:41]} 15. Bh4 {[%clk 0:20:52]} Nh7 {[%clk 0:23:08]} 16. Bxe7
{[%clk 0:20:56]} Qxe7 {[%clk 0:23:13]} 17. d5 {[%clk 0:20:14]} cxd5
{[%clk 0:22:59]} 18. cxd5 {[%clk 0:20:22]} Ng5 {[%clk 0:22:50]} 19. Nxg5
{[%clk 0:20:14]} Qxg5 {[%clk 0:22:55]} 20. dxe6 {[%clk 0:20:21]} fxe6
{[%clk 0:23:03]} 21. Qxe6+ {[%clk 0:20:24]} Kh8 {[%clk 0:23:11]} 22. Qe3
{[%clk 0:15:50]} Qf6 {[%clk 0:22:54]} 23. Rab1 {[%clk 0:15:10]} Rae8
{[%clk 0:22:16]} 24. Qd2 {[%clk 0:12:49]} Rd8 {[%clk 0:20:02]} 25. Qe2
{[%clk 0:12:42]} Rde8 {[%clk 0:18:45]} 26. Qf1 {[%clk 0:12:51]} Rxe1
{[%clk 0:18:36]} 27. Qxe1 {[%clk 0:12:58]} Qb6 {[%clk 0:18:31]} 28. h3
{[%clk 0:12:34]} a6 {[%clk 0:18:26]} 29. Qe2 {[%clk 0:12:32]} Qf6
{[%clk 0:13:36]} 30. Rd1 {[%clk 0:12:22]} Rd8 {[%clk 0:12:54]} 31. Rxd8+
{[%clk 0:12:03]} Qxd8 {[%clk 0:12:53]} 32. Qf3 {[%clk 0:12:11]} b5
{[%clk 0:12:45]} 33. Qe3 {[%clk 0:10:29]} Qd1+ {[%clk 0:12:26]} 34. Kh2
{[%clk 0:10:37]} Qd6+ {[%clk 0:12:31]} 35. g3 {[%clk 0:10:15]} Qb4
{[%clk 0:11:52]} 36. Qe5 {[%clk 0:09:57]} Qa4 {[%clk 0:10:03]} 37. a3
{[%clk 0:09:58]} Qc2 {[%clk 0:10:01]} 38. Qd4 {[%clk 0:09:35]} Kh7
{[%clk 0:08:03]} 39. b4 {[%clk 0:08:21]} Qa2 {[%clk 0:07:45]} 40. Qd3+
{[%clk 0:08:20]} Kh8 {[%clk 0:07:46]} 41. Kg2 {[%clk 0:08:28]} Qg8
{[%clk 0:05:08]} 42. Qe4 {[%clk 0:07:50]} Qc8 {[%clk 0:04:46]} 43. Qd5
{[%clk 0:07:20]} Qe8 {[%clk 0:03:55]} 44. h4 {[%clk 0:05:26]} Qg6
{[%clk 0:03:43]} 45. h5 {[%clk 0:03:54]} Qb6 {[%clk 0:03:16]} 46. Qa8+
{[%clk 0:03:58]} Kh7 {[%clk 0:03:23]} 47. Qe4+ {[%clk 0:04:06]} Kh8
{[%clk 0:03:29]} 48. Qg6 {[%clk 0:02:53]} Qb7+ {[%clk 0:03:17]} 49. f3
{[%clk 0:03:01]} Qe7 {[%clk 0:02:51]} 50. Qe4 {[%clk 0:02:47]} Qd8
{[%clk 0:02:40]} 51. Qc6 {[%clk 0:02:15]} Qd2+ {[%clk 0:02:41]} 52. Kh3
{[%clk 0:02:24]} Qg5 {[%clk 0:00:47]} 53. Qg6 {[%clk 0:01:58]} Qe5
{[%clk 0:00:33]} 54. Qxa6 {[%clk 0:01:35]} Qxh5+ {[%clk 0:00:40]} 55. Kg2
{[%clk 0:01:44]} Qd5 {[%clk 0:00:33]} 56. Qc8+ {[%clk 0:01:51]} Kh7
{[%clk 0:00:39]} 57. Qc2+ {[%clk 0:02:00]} Kh8 {[%clk 0:00:43]} 58. Qe2
{[%clk 0:01:52]} Qd7 {[%clk 0:00:39]} 59. g4 {[%clk 0:01:56]} Kh7
{[%clk 0:00:12]} 60. Qe4+ {[%clk 0:02:04]} g6 {[%clk 0:00:20]} 61. Kg3
{[%clk 0:02:00]} Qd6+ {[%clk 0:00:29]} 62. Qf4 {[%clk 0:02:03]} Qe6
{[%clk 0:00:35]} 63. Qc7+ {[%clk 0:02:11]} Kg8 {[%clk 0:00:43]} 64. Qb8+
{[%clk 0:02:19]} Kh7 {[%clk 0:00:50]} 65. Qb7+ {[%clk 0:02:22]} Kg8
{[%clk 0:00:57]} 66. Qxb5 {[%clk 0:02:29]} Qd6+ {[%clk 0:01:06]} 67. Kh3
{[%clk 0:02:24]} Qf8 {[%clk 0:00:45]} 68. Qd5+ {[%clk 0:02:32]} Kh7
{[%clk 0:00:52]} 69. Qe4 {[%clk 0:02:32]} Qf7 {[%clk 0:00:53]} 70. a4
{[%clk 0:02:23]} Qa7 {[%clk 0:00:56]} 71. a5 {[%clk 0:01:37]} Qa6
{[%clk 0:00:43]} 72. Kg2 {[%clk 0:01:41]} Qd6 {[%clk 0:00:38]} 73. Qb7+
{[%clk 0:01:30]} Kg8 {[%clk 0:00:46]} 74. Qc8+ {[%clk 0:01:39]} Kh7
{[%clk 0:00:53]} 75. Qc3 {[%clk 0:01:45]} Qa6 {[%clk 0:00:53]} 76. Qd2
{[%clk 0:01:42]} Qb5 {[%clk 0:00:51]} 77. Qe1 {[%clk 0:01:44]} Qb7
{[%clk 0:00:38]} 78. Qe4 {[%clk 0:01:50]} Qd7 {[%clk 0:00:40]} 79. Qe2
{[%clk 0:01:49]} Qa7 {[%clk 0:00:26]} 80. a6 {[%clk 0:01:51]} h5 {[%clk 0:00:22]}
81. gxh5 {[%clk 0:01:53]} Qb6 {[%clk 0:00:13]} 82. Qe7+ {[%clk 0:01:38]} Kh6
{[%clk 0:00:21]} 83. a7 {[%clk 0:01:41]} gxh5 {[%clk 0:00:19]} 84. a8=Q
{[%clk 0:01:38]} Qg6+ {[%clk 0:00:26]} 85. Kf2 {[%clk 0:01:42]} Qc2+
{[%clk 0:00:34]} 86. Qe2 {[%clk 0:01:50]} Qg6 {[%clk 0:00:35]} 87. Qaa6
{[%clk 0:01:58]} 1-0

[Event "MCR druzstev mladsich zaku 2019"]
[Site "Trest"]
[Date "2019.06.14"]
[Round "1.2"]
[White "Svadlenka, Michal"]
[Black "Nemec, Jachym"]
[Result "0-1"]
[BlackElo "1927"]
[WhiteElo "1306"]
[LiveChessVersion "1.4.8"]

1. e4 {[%clk 0:25:10]} c5 {[%clk 0:25:18]} 2. Nf3 {[%clk 0:25:08]} d6
{[%clk 0:25:25]} 3. d4 {[%clk 0:25:06]} cxd4 {[%clk 0:25:33]} 4. Nxd4
{[%clk 0:25:07]} Nf6 {[%clk 0:25:40]} 5. Nc3 {[%clk 0:24:56]} a6 {[%clk 0:25:48]}
6. Be3 {[%clk 0:24:49]} e5 {[%clk 0:25:52]} 7. Nb3 {[%clk 0:24:54]} Be6
{[%clk 0:25:59]} 8. f3 {[%clk 0:24:55]} Nbd7 {[%clk 0:26:02]} 9. Qd2
{[%clk 0:24:41]} Be7 {[%clk 0:26:01]} 10. O-O-O {[%clk 0:24:36]} h5
{[%clk 0:25:58]} 11. h3 {[%clk 0:22:01]} b5 {[%clk 0:24:21]} 12. Be2
{[%clk 0:22:02]} h4 {[%clk 0:23:46]} 13. f4 {[%clk 0:20:03]} Rb8 {[%clk 0:16:44]}
14. Kb1 {[%clk 0:18:20]} b4 {[%clk 0:15:05]} 15. Na4 {[%clk 0:18:00]} Nxe4
{[%clk 0:14:24]} 16. Qd3 {[%clk 0:17:17]} Ng3 {[%clk 0:14:29]} 17. Rhg1
{[%clk 0:17:18]} Nxe2 {[%clk 0:12:05]} 18. Qxe2 {[%clk 0:17:18]} Qc8
{[%clk 0:11:03]} 19. fxe5 {[%clk 0:16:59]} dxe5 {[%clk 0:10:57]} 20. g4
{[%clk 0:11:29]} Qc6 {[%clk 0:10:42]} 21. Qg2 {[%clk 0:04:08]} Qxa4
{[%clk 0:10:35]} 22. Ba7 {[%clk 0:03:44]} Rc8 {[%clk 0:10:10]} 23. Qb7
{[%clk 0:03:21]} O-O {[%clk 0:09:54]} 24. Qf3 {[%clk 0:02:31]} Nc5
{[%clk 0:09:46]} 25. Nxc5 {[%clk 0:02:09]} Qxa2+ {[%clk 0:09:46]} 26. Kc1
{[%clk 0:02:12]} Bxc5 {[%clk 0:09:55]} 27. Bxc5 {[%clk 0:01:22]} Rxc5
{[%clk 0:10:03]} 28. Qf2 {[%clk 0:01:03]} Rfc8 {[%clk 0:09:50]} 0-1

[Event "MCR druzstev mladsich zaku 2019"]
[Site "Trest"]
[Date "2019.06.14"]
[Round "1.3"]
[White "Smolik, Jachym"]
[Black "Svadlenka, Dominik"]
[Result "1-0"]
[BlackElo "1374"]
[WhiteElo "1377"]
[LiveChessVersion "1.4.8"]

1. d4 {[%clk 0:25:19]} d5 {[%clk 0:25:18]} 2. c4 {[%clk 0:25:27]} e6
{[%clk 0:25:26]} 3. Nc3 {[%clk 0:25:35]} Nf6 {[%clk 0:25:33]} 4. cxd5
{[%clk 0:25:42]} exd5 {[%clk 0:25:41]} 5. Bg5 {[%clk 0:25:51]} Be7
{[%clk 0:25:39]} 6. e3 {[%clk 0:25:57]} O-O {[%clk 0:25:44]} 7. Bd3
{[%clk 0:26:02]} b6 {[%clk 0:25:19]} 8. Bxf6 {[%clk 0:25:55]} Bxf6
{[%clk 0:25:26]} 9. Qh5 {[%clk 0:26:02]} h6 {[%clk 0:25:30]} 10. Qxd5
{[%clk 0:26:02]} Qxd5 {[%clk 0:25:11]} 11. Nxd5 {[%clk 0:26:10]} Bd8
{[%clk 0:24:29]} 12. Nf3 {[%clk 0:25:24]} Bb7 {[%clk 0:24:30]} 13. Nc3
{[%clk 0:25:25]} Nd7 {[%clk 0:24:05]} 14. Rc1 {[%clk 0:25:14]} Nf6
{[%clk 0:23:38]} 15. O-O {[%clk 0:24:25]} Be7 {[%clk 0:23:14]} 16. Ne5
{[%clk 0:23:57]} Rfd8 {[%clk 0:22:59]} 17. Nb5 {[%clk 0:23:52]} c5
{[%clk 0:22:42]} 18. Rfd1 {[%clk 0:22:23]} a6 {[%clk 0:22:24]} 19. Nc3
{[%clk 0:22:28]} cxd4 {[%clk 0:21:10]} 20. exd4 {[%clk 0:22:37]} Nh5
{[%clk 0:19:20]} 21. Bc4 {[%clk 0:21:10]} Rf8 {[%clk 0:17:39]} 22. Nd7
{[%clk 0:20:26]} Rfd8 {[%clk 0:15:53]} 23. Nxb6 {[%clk 0:20:09]} Rab8
{[%clk 0:16:00]} 24. Nbd5 {[%clk 0:19:53]} Bg5 {[%clk 0:15:23]} 25. Ne3
{[%clk 0:19:38]} Nf4 {[%clk 0:14:23]} 26. Bf1 {[%clk 0:19:39]} Bf6
{[%clk 0:14:14]} 27. g3 {[%clk 0:19:09]} Ne6 {[%clk 0:13:52]} 28. d5
{[%clk 0:19:15]} Ng5 {[%clk 0:13:51]} 29. Bg2 {[%clk 0:18:09]} Rd7
{[%clk 0:13:17]} 30. h4 {[%clk 0:18:11]} Nh7 {[%clk 0:13:19]} 31. b3
{[%clk 0:16:37]} Rbd8 {[%clk 0:11:56]} 32. Na4 {[%clk 0:16:24]} Be7
{[%clk 0:10:28]} 33. Nb6 {[%clk 0:16:20]} Rd6 {[%clk 0:10:21]} 34. Nbc4
{[%clk 0:16:12]} R6d7 {[%clk 0:10:22]} 35. Ne5 {[%clk 0:16:17]} Rd6
{[%clk 0:10:04]} 36. Nf5 {[%clk 0:16:14]} Bf6 {[%clk 0:08:52]} 37. Nxd6
{[%clk 0:16:20]} Rxd6 {[%clk 0:08:50]} 38. Nc4 {[%clk 0:16:28]} Rd8
{[%clk 0:08:49]} 39. Na5 {[%clk 0:16:33]} Ba8 {[%clk 0:08:38]} 40. d6
{[%clk 0:16:29]} Bxg2 {[%clk 0:08:31]} 41. Kxg2 {[%clk 0:16:37]} Be5
{[%clk 0:08:39]} 42. d7 {[%clk 0:16:40]} Nf8 {[%clk 0:08:45]} 43. Nc6
{[%clk 0:16:41]} 1-0

[Event "MCR druzstev mladsich zaku 2019"]
[Site "Trest"]
[Date "2019.06.14"]
[Round "1.4"]
[White "Cihlar, Eduard"]
[Black "Day, Tobias"]
[Result "0-1"]
[BlackElo "1399"]
[WhiteElo "1163"]
[LiveChessVersion "1.4.8"]

1. e4 {[%clk 0:25:17]} c5 {[%clk 0:25:18]} 2. Nf3 {[%clk 0:25:24]} d6
{[%clk 0:25:25]} 3. Bc4 {[%clk 0:24:41]} Nf6 {[%clk 0:23:49]} 4. d3
{[%clk 0:22:08]} Nc6 {[%clk 0:18:26]} 5. Be3 {[%clk 0:18:59]} e6 {[%clk 0:15:45]}
6. Bb5 {[%clk 0:15:55]} Bd7 {[%clk 0:13:17]} 7. Nbd2 {[%clk 0:13:53]} Be7
{[%clk 0:10:12]} 8. O-O {[%clk 0:12:42]} O-O {[%clk 0:08:06]} 9. Re1
{[%clk 0:10:59]} Qc7 {[%clk 0:04:06]} 10. h3 {[%clk 0:09:57]} Rae8
{[%clk 0:02:56]} 11. c3 {[%clk 0:07:28]} a6 {[%clk 0:02:41]} 12. Ba4
{[%clk 0:07:01]} b5 {[%clk 0:02:36]} 13. Bc2 {[%clk 0:06:36]} d5 {[%clk 0:02:11]}
14. exd5 {[%clk 0:06:05]} Nxd5 {[%clk 0:01:44]} 15. c4 {[%clk 0:05:25]} Nxe3
{[%clk 0:01:48]} 16. Rxe3 {[%clk 0:05:32]} Nd4 {[%clk 0:01:37]} 17. Nxd4
{[%clk 0:05:09]} cxd4 {[%clk 0:01:46]} 18. Re4 {[%clk 0:05:16]} e5
{[%clk 0:01:34]} 19. Qh5 {[%clk 0:04:09]} f5 {[%clk 0:01:29]} 20. Ree1
{[%clk 0:03:50]} Bb4 {[%clk 0:01:26]} 21. Rad1 {[%clk 0:03:11]} Rf6
{[%clk 0:01:07]} 22. cxb5 {[%clk 0:02:20]} Qxc2 {[%clk 0:01:05]} 23. Re2
{[%clk 0:01:40]} Qxd1+ {[%clk 0:01:13]} 24. Kh2 {[%clk 0:01:40]} Rh6
{[%clk 0:01:07]} 25. Qf3 {[%clk 0:01:08]} Bxd2 {[%clk 0:01:05]} 26. bxa6
{[%clk 0:00:26]} Bf4+ {[%clk 0:00:54]} 27. g3 {[%clk 0:00:28]} Bc6
{[%clk 0:01:01]} 28. Qxc6 {[%clk 0:00:15]} Rxc6 {[%clk 0:01:09]} 0-1

[Event "MCR druzstev mladsich zaku 2019"]
[Site "Trest"]
[Date "2019.06.14"]
[Round "1.5"]
[White "Pressler, Tobias"]
[Black "Martinek, Denis"]
[Result "1-0"]
[BlackElo "1100"]
[WhiteElo "1402"]
[LiveChessVersion "1.4.8"]

1. e4 {[%clk 0:25:10]} d5 {[%clk 0:25:15]} 2. exd5 {[%clk 0:25:11]} Nf6
{[%clk 0:25:20]} 3. Nf3 {[%clk 0:24:31]} Nxd5 {[%clk 0:25:08]} 4. c4
{[%clk 0:24:14]} Nf6 {[%clk 0:24:55]} 5. d4 {[%clk 0:24:17]} Bf5 {[%clk 0:24:19]}
6. Nc3 {[%clk 0:24:06]} e6 {[%clk 0:24:09]} 7. Bf4 {[%clk 0:23:43]} Bd6
{[%clk 0:23:51]} 8. Ne5 {[%clk 0:23:30]} Bxe5 {[%clk 0:22:44]} 9. Bxe5
{[%clk 0:23:33]} Nc6 {[%clk 0:21:45]} 10. Be2 {[%clk 0:22:21]} O-O
{[%clk 0:20:45]} 11. O-O {[%clk 0:21:46]} h6 {[%clk 0:18:36]} 12. Nb5
{[%clk 0:20:06]} Rc8 {[%clk 0:17:19]} 13. Rc1 {[%clk 0:16:42]} a6
{[%clk 0:16:35]} 14. Nc3 {[%clk 0:15:34]} Qe7 {[%clk 0:14:22]} 15. Qb3
{[%clk 0:15:18]} b6 {[%clk 0:12:05]} 16. f4 {[%clk 0:13:19]} Rfd8
{[%clk 0:09:07]} 17. Rfd1 {[%clk 0:11:58]} Nd7 {[%clk 0:06:19]} 18. Bf3
{[%clk 0:11:53]} Na5 {[%clk 0:05:49]} 19. Qa4 {[%clk 0:11:08]} f6
{[%clk 0:04:52]} 20. d5 {[%clk 0:09:31]} fxe5 {[%clk 0:03:19]} 21. dxe6
{[%clk 0:09:21]} Nc5 {[%clk 0:02:01]} 22. Qa3 {[%clk 0:08:53]} Rxd1+
{[%clk 0:01:39]} 23. Rxd1 {[%clk 0:08:59]} Bxe6 {[%clk 0:01:13]} 24. Nd5
{[%clk 0:08:53]} Bxd5 {[%clk 0:01:08]} 25. Bxd5+ {[%clk 0:08:56]} Ne6
{[%clk 0:00:15]} 26. Qxe7 {[%clk 0:09:02]} Nxc4 {[%clk 0:00:23]} 27. Bxe6+
{[%clk 0:09:11]} Kh8 {[%clk 0:00:31]} 28. Bxc8 {[%clk 0:09:16]} 1-0

[Event "MCR druzstev mladsich zaku 2019"]
[Site "Trest"]
[Date "2019.06.14"]
[Round "1.7"]
[White "Lang, Simon"]
[Black "Brozka, Karel"]
[Result "1-0"]
[BlackElo "1717"]
[WhiteElo "1498"]
[LiveChessVersion "1.4.8"]

1. e4 {[%clk 0:24:52]} c6 {[%clk 0:25:16]} 2. d4 {[%clk 0:23:33]} d5
{[%clk 0:25:17]} 3. exd5 {[%clk 0:22:46]} cxd5 {[%clk 0:25:24]} 4. c4
{[%clk 0:21:22]} Nf6 5. Nc3 {[%clk 0:20:42]} Nc6 {[%clk 0:25:12]} 6. Nf3
{[%clk 0:19:43]} e6 {[%clk 0:21:20]} 7. Be2 {[%clk 0:18:15]} Bd6 {[%clk 0:21:19]}
8. Bg5 {[%clk 0:17:11]} Be7 {[%clk 0:19:16]} 9. O-O {[%clk 0:15:55]} O-O
{[%clk 0:19:17]} 10. Rc1 {[%clk 0:14:10]} h6 {[%clk 0:18:16]} 11. Bf4
{[%clk 0:13:36]} a6 {[%clk 0:16:58]} 12. c5 {[%clk 0:12:50]} Nd7 {[%clk 0:08:42]}
13. a3 {[%clk 0:11:43]} b6 {[%clk 0:06:35]} 14. b4 Bb7 {[%clk 0:06:26]} 15. Qb3
{[%clk 0:09:13]} g5 {[%clk 0:04:30]} 16. Bg3 {[%clk 0:09:10]} g4 {[%clk 0:04:24]}
17. Ne5 {[%clk 0:07:17]} Nxd4 {[%clk 0:04:03]} 18. Qb2 {[%clk 0:07:25]} Nxe2+
{[%clk 0:02:32]} 19. Qxe2 {[%clk 0:06:27]} Nxe5 {[%clk 0:02:40]} 20. Bxe5
{[%clk 0:06:35]} f5 {[%clk 0:01:50]} 21. Bf4 {[%clk 0:05:55]} Rf6
{[%clk 0:01:55]} 22. Na4 {[%clk 0:05:11]} bxc5 {[%clk 0:01:37]} 23. Nxc5
{[%clk 0:04:48]} Bxc5 {[%clk 0:01:46]} 24. bxc5 {[%clk 0:04:18]} Rc8
{[%clk 0:01:45]} 25. Qb2 {[%clk 0:03:45]} Bc6 {[%clk 0:01:28]} 26. Bd6
{[%clk 0:03:29]} Rf7 {[%clk 0:00:58]} 27. Rfe1 {[%clk 0:03:26]} Qf6
{[%clk 0:00:53]} 28. Qe2 {[%clk 0:03:23]} Bd7 {[%clk 0:00:37]} 29. Qxa6
{[%clk 0:03:24]} Rc6 {[%clk 0:00:35]} 30. Qa8+ {[%clk 0:03:03]} Rc8
{[%clk 0:00:44]} 31. Qb7 {[%clk 0:02:58]} Rc6 {[%clk 0:00:29]} 32. a4
{[%clk 0:02:28]} h5 {[%clk 0:00:22]} 33. a5 {[%clk 0:02:26]} Kh7 {[%clk 0:00:24]}
34. a6 {[%clk 0:02:16]} Be8 {[%clk 0:00:33]} 35. Qb8 {[%clk 0:02:07]} Rxa6
{[%clk 0:00:21]} 36. Qxe8 {[%clk 0:02:12]} Qg7 {[%clk 0:00:17]} 37. Be5
{[%clk 0:02:05]} Qg8 {[%clk 0:00:27]} 38. Qxg8+ {[%clk 0:02:03]} Kxg8
{[%clk 0:00:36]} 39. c6 {[%clk 0:02:10]} Ra8 {[%clk 0:00:44]} 40. c7 Rc8 41. Bd6
{[%clk 0:02:18]} Rd7 {[%clk 0:00:33]} 42. Rxe6 {[%clk 0:02:16]} Kf7
{[%clk 0:00:42]} 43. Rh6 {[%clk 0:02:15]} Kg7 {[%clk 0:00:52]} 44. Bf4
{[%clk 0:02:07]} d4 {[%clk 0:00:58]} 45. Rd6 {[%clk 0:02:04]} Rxd6
{[%clk 0:00:52]} 46. Bxd6 {[%clk 0:02:13]} d3 {[%clk 0:01:00]} 47. Bf4
{[%clk 0:02:14]} Kf7 {[%clk 0:00:49]} 48. Rd1 {[%clk 0:02:22]} d2
{[%clk 0:00:53]} 49. Rxd2 {[%clk 0:02:30]} Ke7 {[%clk 0:00:53]} 50. Rd8
{[%clk 0:02:07]} Rxd8 {[%clk 0:00:49]} 51. Bg5+ {[%clk 0:02:15]} 1-0

[Event "MCR druzstev mladsich zaku 2019"]
[Site "Trest"]
[Date "2019.06.14"]
[Round "1.8"]
[White "Bouska, Jiri"]
[Black "Jun, Robert"]
[Result "1-0"]
[BlackElo "1206"]
[WhiteElo "1383"]
[LiveChessVersion "1.4.8"]

1. e4 {[%clk 0:25:14]} c5 {[%clk 0:25:19]} 2. Nf3 {[%clk 0:25:20]} e6
{[%clk 0:25:21]} 3. d4 {[%clk 0:25:28]} cxd4 {[%clk 0:25:29]} 4. Nxd4
{[%clk 0:25:36]} a6 {[%clk 0:25:38]} 5. Nc3 {[%clk 0:25:34]} d6 {[%clk 0:25:47]}
6. Be2 {[%clk 0:25:29]} Be7 {[%clk 0:25:53]} 7. O-O Nf6 {[%clk 0:25:58]} 8. Bg5
{[%clk 0:25:19]} O-O {[%clk 0:26:00]} 9. Qd2 {[%clk 0:24:37]} b5 {[%clk 0:25:51]}
10. a3 {[%clk 0:24:12]} Bb7 {[%clk 0:25:52]} 11. f3 {[%clk 0:24:14]} Nbd7
{[%clk 0:26:00]} 12. Kh1 {[%clk 0:24:16]} Ne5 {[%clk 0:25:26]} 13. Rad1
{[%clk 0:24:02]} Rc8 {[%clk 0:24:54]} 14. f4 {[%clk 0:23:29]} Nc4
{[%clk 0:24:43]} 15. Bxc4 {[%clk 0:23:30]} Rxc4 {[%clk 0:24:59]} 16. e5
{[%clk 0:23:21]} dxe5 {[%clk 0:24:47]} 17. fxe5 {[%clk 0:23:26]} Ne4
{[%clk 0:24:33]} 18. Nxe4 {[%clk 0:23:09]} Bxe4 {[%clk 0:24:39]} 19. Be3
{[%clk 0:22:31]} Bc5 {[%clk 0:24:30]} 20. b3 {[%clk 0:22:14]} Rxd4
{[%clk 0:23:27]} 21. Bxd4 {[%clk 0:22:20]} Bxd4 {[%clk 0:23:27]} 22. Qxd4
{[%clk 0:22:26]} Qxd4 {[%clk 0:23:36]} 23. Rxd4 {[%clk 0:22:34]} Bxc2
{[%clk 0:23:44]} 24. b4 {[%clk 0:22:25]} g6 {[%clk 0:23:22]} 25. Rd6
{[%clk 0:22:20]} Ra8 {[%clk 0:23:24]} 26. Rd7 {[%clk 0:22:10]} Bf5 27. g4
{[%clk 0:22:04]} Bxg4 {[%clk 0:23:09]} 28. Rfxf7 {[%clk 0:22:07]} Rc8
{[%clk 0:23:08]} 29. Rg7+ {[%clk 0:22:06]} Kf8 {[%clk 0:23:12]} 30. Rdf7+
{[%clk 0:22:13]} Ke8 {[%clk 0:23:20]} 31. Rg8+ {[%clk 0:22:20]} Kxf7
{[%clk 0:23:27]} 32. Rxc8 {[%clk 0:22:28]} g5 {[%clk 0:23:33]} 33. Rc7+
{[%clk 0:22:28]} Kg6 {[%clk 0:23:41]} 34. Ra7 {[%clk 0:22:36]} Kf5
{[%clk 0:23:47]} 35. Rxa6 {[%clk 0:22:35]} Kxe5 {[%clk 0:23:54]} 36. Kg2
{[%clk 0:22:30]} Kf4 {[%clk 0:23:59]} 37. Rb6 {[%clk 0:22:35]} e5
{[%clk 0:24:06]} 38. Rxb5 {[%clk 0:22:38]} e4 {[%clk 0:24:15]} 39. Rb8
{[%clk 0:22:36]} Bf3+ {[%clk 0:24:16]} 40. Kf2 {[%clk 0:22:42]} e3+
{[%clk 0:24:24]} 41. Ke1 {[%clk 0:22:51]} h5 {[%clk 0:24:04]} 42. Rf8+
{[%clk 0:22:54]} Ke4 {[%clk 0:24:13]} 43. b5 {[%clk 0:23:01]} h4 {[%clk 0:24:19]}
44. b6 {[%clk 0:23:08]} g4 {[%clk 0:23:51]} 45. b7 {[%clk 0:23:12]} g3
{[%clk 0:24:00]} 46. hxg3 {[%clk 0:23:19]} hxg3 {[%clk 0:23:58]} 47. b8=Q
{[%clk 0:23:25]} g2 {[%clk 0:24:08]} 48. Qb4+ {[%clk 0:23:30]} Ke5
{[%clk 0:24:13]} 49. Qe7+ {[%clk 0:23:34]} Kd4 {[%clk 0:23:50]} 50. Rd8+
{[%clk 0:23:41]} Bd5 {[%clk 0:23:58]} 51. Rxd5+ {[%clk 0:23:43]} Kxd5
{[%clk 0:24:07]} 52. Qg5+ {[%clk 0:23:52]} Kd4 {[%clk 0:24:14]} 53. Qxg2
{[%clk 0:24:01]} Kc4 {[%clk 0:24:22]} 54. Qe4+ {[%clk 0:24:08]} Kb5
{[%clk 0:24:30]} 55. Qxe3 {[%clk 0:24:12]} Ka4 {[%clk 0:24:39]} 56. Qc3
{[%clk 0:24:18]} Kb5 {[%clk 0:24:47]} 57. Qb4+ {[%clk 0:24:27]} Kc6
{[%clk 0:24:56]} 58. Ke2 {[%clk 0:24:36]} Kd5 {[%clk 0:25:05]} 59. Ke3
{[%clk 0:24:45]} Ke6 {[%clk 0:25:14]} 60. Ke4 {[%clk 0:24:52]} Kf6
{[%clk 0:25:22]} 61. Qd6+ {[%clk 0:25:00]} Kg5 {[%clk 0:25:31]} 62. Qe6 Kh5
{[%clk 0:25:35]} 63. Kf4 {[%clk 0:25:16]} Kh4 {[%clk 0:25:40]} 64. Qh6#
{[%clk 0:25:25]} 1-0

[Event "MCR druzstev mladsich zaku 2019"]
[Site "Trest"]
[Date "2019.06.14"]
[Round "1.9"]
[White "Nejedly, Radek"]
[Black "Janouskova, Adela"]
[Result "1-0"]
[BlackElo "1151"]
[WhiteElo "1214"]
[LiveChessVersion "1.4.8"]

1. e4 {[%clk 0:25:17]} c5 {[%clk 0:25:18]} 2. c3 {[%clk 0:25:21]} d6
{[%clk 0:25:04]} 3. d4 {[%clk 0:25:05]} cxd4 {[%clk 0:25:05]} 4. cxd4
{[%clk 0:25:05]} Nc6 {[%clk 0:24:04]} 5. d5 {[%clk 0:24:54]} Ne5 {[%clk 0:23:30]}
6. Nc3 {[%clk 0:24:13]} Nf6 {[%clk 0:22:58]} 7. Be2 {[%clk 0:23:51]} g6
{[%clk 0:22:47]} 8. Nf3 {[%clk 0:23:28]} Nxf3+ {[%clk 0:22:19]} 9. Bxf3
{[%clk 0:23:18]} Bg7 {[%clk 0:22:24]} 10. O-O {[%clk 0:22:42]} O-O
{[%clk 0:21:46]} 11. Be3 {[%clk 0:21:57]} Bd7 {[%clk 0:21:05]} 12. Rc1
{[%clk 0:20:47]} b6 {[%clk 0:16:13]} 13. Qd2 {[%clk 0:19:25]} Rc8
{[%clk 0:14:52]} 14. Rfd1 {[%clk 0:18:50]} Re8 {[%clk 0:14:03]} 15. h3
{[%clk 0:16:59]} Rc7 {[%clk 0:13:13]} 16. Rc2 {[%clk 0:15:40]} Qb8
{[%clk 0:12:37]} 17. Rdc1 {[%clk 0:14:29]} Rec8 {[%clk 0:12:39]} 18. Bf4
{[%clk 0:13:28]} Ne8 {[%clk 0:09:26]} 19. a3 {[%clk 0:13:13]} f5 {[%clk 0:05:52]}
20. Re1 {[%clk 0:10:14]} Kh8 {[%clk 0:04:56]} 21. Rcc1 {[%clk 0:08:41]} fxe4
{[%clk 0:03:50]} 22. Bxe4 {[%clk 0:08:31]} Nf6 {[%clk 0:03:47]} 23. Bf3
{[%clk 0:08:13]} Be8 {[%clk 0:03:42]} 24. Bh6 {[%clk 0:05:29]} Bf7
{[%clk 0:02:57]} 25. Bxg7+ {[%clk 0:04:49]} Kxg7 {[%clk 0:03:06]} 26. Qd4
{[%clk 0:04:05]} Re8 {[%clk 0:02:45]} 27. Be2 {[%clk 0:02:26]} Kg8
{[%clk 0:02:04]} 28. Bb5 {[%clk 0:02:08]} Rf8 {[%clk 0:01:51]} 29. Bc6
{[%clk 0:01:37]} Be8 {[%clk 0:01:38]} 30. Nb5 {[%clk 0:01:05]} Rc8
{[%clk 0:01:34]} 31. Rxe7 {[%clk 0:01:03]} a6 {[%clk 0:00:40]} 32. Rb7
{[%clk 0:00:37]} Qa8 {[%clk 0:00:36]} 33. Rxb6 {[%clk 0:00:42]} axb5
{[%clk 0:00:30]} 34. Bxa8 {[%clk 0:00:50]} Rxc1+ {[%clk 0:00:38]} 35. Kh2
{[%clk 0:00:58]} Rc4 {[%clk 0:00:29]} 36. Qe3 {[%clk 0:01:03]} Re4
{[%clk 0:00:28]} 37. Qf3 Re7 {[%clk 0:00:12]} 38. Rxd6 {[%clk 0:00:59]} Ref7
{[%clk 0:00:15]} 39. Qe3 {[%clk 0:00:46]} Bd7 {[%clk 0:00:15]} 40. Bc6
{[%clk 0:00:40]} Bxc6 {[%clk 0:00:17]} 41. dxc6 {[%clk 0:00:45]} Rc8
{[%clk 0:00:17]} 42. Qc3 {[%clk 0:00:48]} 1-0